[Event "2017"]
[Site "Bastia"]
[Date "2017.10.21"]
[Round "3.5"]
[White "Flom, Gabriel"]
[Black "Huschenbeth, Niclas"]
[Result "0-1"]
[BlackElo "2596"]
[WhiteElo "2448"]
[LiveChessVersion "1.4.6"]

1. d4 {[%clk 1:30:58]} Nf6 {[%clk 1:30:56]} 2. c4 {[%clk 1:31:12]} e6
{[%clk 1:31:21]} 3. Nc3 {[%clk 1:31:34]} Bb4 {[%clk 1:31:46]} 4. Qc2
{[%clk 1:27:45]} O-O {[%clk 1:32:05]} 5. e4 {[%clk 1:28:09]} d5 {[%clk 1:32:26]}
6. e5 {[%clk 1:27:05]} Ne4 {[%clk 1:32:51]} 7. Bd3 {[%clk 1:21:10]} c5
{[%clk 1:33:05]} 8. Nf3 {[%clk 1:20:03]} cxd4 {[%clk 1:33:28]} 9. Nxd4
{[%clk 1:20:10]} Nd7 {[%clk 1:33:12]} 10. Bf4 {[%clk 1:14:34]} Ndc5
{[%clk 1:32:59]} 11. O-O {[%clk 1:10:03]} Bxc3 {[%clk 1:33:01]} 12. bxc3
{[%clk 1:10:07]} Bd7 {[%clk 1:33:19]} 13. Be2 {[%clk 1:00:13]} Na4
{[%clk 1:33:16]} 14. cxd5 {[%clk 0:50:03]} exd5 {[%clk 1:33:40]} 15. Bd3
{[%clk 0:44:20]} Nac5 {[%clk 1:34:01]} 16. Be2 {[%clk 0:44:16]} Na4
{[%clk 1:34:15]} 17. Bd3 {[%clk 0:44:03]} Rc8 {[%clk 1:14:27]} 18. Bxe4
{[%clk 0:42:28]} dxe4 {[%clk 1:14:52]} 19. Qxe4 {[%clk 0:42:55]} Nxc3
{[%clk 1:10:00]} 20. Qe3 {[%clk 0:27:27]} Qb6 {[%clk 1:03:34]} 21. Rfe1
{[%clk 0:18:49]} Rc4 {[%clk 0:48:59]} 22. Ne2 {[%clk 0:17:48]} Nd5
{[%clk 0:47:49]} 23. Qd2 {[%clk 0:14:18]} Bc6 {[%clk 0:37:21]} 24. Bg3
{[%clk 0:11:48]} Nb4 {[%clk 0:34:38]} 25. Rec1 {[%clk 0:08:15]} Rd8
{[%clk 0:33:45]} 26. Qb2 {[%clk 0:06:26]} Re4 {[%clk 0:30:59]} 27. a3
{[%clk 0:05:40]} Nd3 {[%clk 0:26:41]} 28. Qxb6 {[%clk 0:06:06]} axb6
{[%clk 0:27:08]} 29. Rc2 {[%clk 0:06:21]} Nc5 {[%clk 0:27:26]} 30. f3
{[%clk 0:04:53]} Re3 {[%clk 0:26:22]} 31. Bf4 {[%clk 0:01:14]} Rb3
{[%clk 0:23:46]} 32. Kf2 {[%clk 0:00:35]} Nd3+ {[%clk 0:18:58]} 33. Kg3
{[%clk 0:00:58]} Nxf4 {[%clk 0:18:10]} 34. Nxf4 {[%clk 0:01:05]} Kf8
{[%clk 0:12:14]} 35. h4 {[%clk 0:00:48]} Ke7 {[%clk 0:11:09]} 36. h5
{[%clk 0:00:58]} Re3 {[%clk 0:09:19]} 37. Re2 {[%clk 0:00:43]} Rxe2
{[%clk 0:09:29]} 38. Nxe2 {[%clk 0:01:12]} Rd5 {[%clk 0:08:40]} 39. Kf4
{[%clk 0:00:47]} Ke6 {[%clk 0:06:33]} 40. Re1 {[%clk 0:00:52]} h6
{[%clk 0:06:44]} 41. Rb1 {[%clk 0:00:40]} b5 {[%clk 0:06:36]} 42. Re1
{[%clk 0:01:09]} Rd2 {[%clk 0:05:39]} 43. Ke3 {[%clk 0:01:11]} Ra2
{[%clk 0:05:40]} 44. Kf4 {[%clk 0:00:40]} Rxa3 {[%clk 0:05:06]} 45. Nd4+
{[%clk 0:01:09]} Kd5 {[%clk 0:05:13]} 46. Nf5 {[%clk 0:00:37]} Ra4+
{[%clk 0:04:48]} 47. Kg3 {[%clk 0:01:02]} b4 {[%clk 0:04:45]} 48. Nxg7
{[%clk 0:01:09]} b3 {[%clk 0:04:22]} 49. Nf5 {[%clk 0:01:21]} b2 {[%clk 0:03:16]}
50. Rb1 {[%clk 0:01:21]} Ra2 {[%clk 0:02:04]} 51. Nxh6 {[%clk 0:01:29]} Bb5
{[%clk 0:01:38]} 52. Ng4 {[%clk 0:00:36]} Bd3 {[%clk 0:01:43]} 53. Rd1
{[%clk 0:01:03]} b1=Q {[%clk 0:01:39]} 0-1

[Event "2017"]
[Site "Bastia"]
[Date "2017.10.21"]
[Round "3.6"]
[White "Raja Harshit"]
[Black "Lagarde, Maxime"]
[Result "0-1"]
[BlackElo "2594"]
[WhiteElo "2423"]
[LiveChessVersion "1.4.6"]

1. e4 {[%clk 1:30:48]} c5 {[%clk 1:30:56]} 2. Nf3 {[%clk 1:31:00]} Nc6
{[%clk 1:31:24]} 3. Nc3 {[%clk 1:31:10]} e5 {[%clk 1:31:07]} 4. Bc4
{[%clk 1:29:16]} Be7 {[%clk 1:29:01]} 5. d3 {[%clk 1:29:16]} Nf6 {[%clk 1:28:48]}
6. Nd2 {[%clk 1:23:35]} d6 {[%clk 1:22:43]} 7. h3 {[%clk 1:22:37]} a6
{[%clk 1:21:34]} 8. a4 {[%clk 1:21:17]} Be6 {[%clk 1:19:37]} 9. Nd5
{[%clk 1:19:19]} Bxd5 {[%clk 1:14:43]} 10. exd5 {[%clk 1:17:42]} Nb4
{[%clk 1:14:52]} 11. c3 {[%clk 1:14:06]} Nbxd5 {[%clk 1:14:49]} 12. Qf3
{[%clk 1:12:42]} Nc7 {[%clk 1:02:43]} 13. Qxb7 {[%clk 1:13:00]} d5
{[%clk 0:59:15]} 14. Qc6+ {[%clk 1:11:08]} Kf8 {[%clk 0:51:12]} 15. Ba2
{[%clk 1:10:54]} a5 {[%clk 0:50:51]} 16. Nf3 {[%clk 0:51:49]} Nd7
{[%clk 0:48:36]} 17. Bxd5 {[%clk 0:34:06]} Ra6 {[%clk 0:48:00]} 18. Qxa6
{[%clk 0:33:59]} Nxa6 {[%clk 0:48:22]} 19. Bc4 {[%clk 0:33:58]} Nc7
{[%clk 0:48:12]} 20. O-O {[%clk 0:34:01]} f6 {[%clk 0:47:08]} 21. Rd1
{[%clk 0:34:00]} Nb6 {[%clk 0:46:55]} 22. Bb3 {[%clk 0:34:17]} g5
{[%clk 0:45:20]} 23. Be3 {[%clk 0:33:04]} Ncd5 {[%clk 0:45:11]} 24. Rac1
{[%clk 0:31:52]} Kg7 {[%clk 0:41:37]} 25. d4 {[%clk 0:28:17]} cxd4
{[%clk 0:41:10]} 26. Bxd4 {[%clk 0:27:51]} exd4 {[%clk 0:38:12]} 27. Nxd4
{[%clk 0:28:15]} Qc8 {[%clk 0:37:55]} 0-1

[Event "2017"]
[Site "Bastia"]
[Date "2017.10.21"]
[Round "3.7"]
[White "Xu, Yi"]
[Black "Tregubov, Pavel V."]
[Result "1/2-1/2"]
[BlackElo "2589"]
[WhiteElo "2439"]
[LiveChessVersion "1.4.6"]

1. e4 {[%clk 1:30:57]} e6 {[%clk 1:30:55]} 2. d4 {[%clk 1:31:20]} d5
{[%clk 1:31:20]} 3. Nc3 {[%clk 1:31:44]} Bb4 {[%clk 1:31:41]} 4. e5
{[%clk 1:32:07]} c5 {[%clk 1:31:56]} 5. a3 {[%clk 1:32:32]} Ba5 {[%clk 1:32:14]}
6. b4 {[%clk 1:32:28]} cxd4 {[%clk 1:32:29]} 7. Nb5 {[%clk 1:32:42]} Bc7
{[%clk 1:32:45]} 8. f4 {[%clk 1:29:50]} Bd7 {[%clk 1:32:44]} 9. Nxd4
{[%clk 1:26:52]} Ne7 {[%clk 1:29:58]} 10. Ngf3 {[%clk 1:26:26]} Nbc6
{[%clk 1:28:42]} 11. Bd3 {[%clk 1:24:13]} Nxd4 {[%clk 1:25:18]} 12. Nxd4
{[%clk 1:24:35]} Ba4 {[%clk 1:24:18]} 13. Bb2 {[%clk 1:21:44]} Bb6
{[%clk 1:23:20]} 14. Qg4 {[%clk 1:16:50]} g6 {[%clk 1:09:47]} 15. Qe2
{[%clk 1:10:22]} Nc6 {[%clk 1:02:27]} 16. Nf3 {[%clk 0:57:22]} Qd7
{[%clk 0:51:20]} 17. g3 {[%clk 0:53:25]} Rc8 {[%clk 0:42:47]} 18. Rb1
{[%clk 0:50:26]} a6 {[%clk 0:40:09]} 19. Kf1 {[%clk 0:47:29]} Na7
{[%clk 0:37:57]} 20. Kg2 {[%clk 0:38:34]} Bb5 {[%clk 0:38:13]} 21. Bd4
{[%clk 0:36:30]} Bxd4 {[%clk 0:35:30]} 22. Nxd4 {[%clk 0:36:52]} O-O
{[%clk 0:31:22]} 23. h4 {[%clk 0:36:00]} Bxd3 {[%clk 0:26:23]} 24. cxd3
{[%clk 0:33:47]} Nb5 {[%clk 0:21:53]} 25. Nxb5 {[%clk 0:34:07]} Qxb5
{[%clk 0:22:19]} 26. Rbc1 {[%clk 0:28:31]} Rc6 {[%clk 0:21:51]} 27. Rc2
{[%clk 0:27:31]} Qa4 {[%clk 0:21:59]} 28. Rxc6 {[%clk 0:24:24]} Qxc6
{[%clk 0:22:09]} 29. h5 {[%clk 0:24:00]} Rc8 {[%clk 0:22:28]} 30. hxg6
{[%clk 0:23:59]} hxg6 {[%clk 0:21:12]} 31. Kf3 {[%clk 0:23:29]} Qc2
{[%clk 0:18:28]} 32. Qxc2 {[%clk 0:20:50]} Rxc2 {[%clk 0:18:52]} 33. Ra1
{[%clk 0:20:47]} Kf8 {[%clk 0:16:53]} 34. g4 {[%clk 0:17:48]} Ke7
{[%clk 0:16:47]} 35. g5 {[%clk 0:17:55]} Kd7 {[%clk 0:15:11]} 36. Ke3
{[%clk 0:18:14]} Rh2 {[%clk 0:13:50]} 37. Rc1 {[%clk 0:13:24]} Rh3+
{[%clk 0:14:13]} 38. Ke2 {[%clk 0:13:33]} b5 {[%clk 0:10:00]} 39. Rf1
{[%clk 0:11:36]} Kc6 {[%clk 0:09:26]} 40. Rf3 {[%clk 0:11:29]} Rh2+
{[%clk 0:09:28]} 41. Rf2 Rh1 {[%clk 0:06:56]} 1/2-1/2

[Event "2017"]
[Site "Bastia"]
[Date "2017.10.21"]
[Round "3.8"]
[White "Krishna C R G"]
[Black "Fier, Alexandr"]
[Result "0-1"]
[BlackElo "2573"]
[WhiteElo "2380"]
[LiveChessVersion "1.4.6"]

1. d4 {[%clk 1:30:58]} Nf6 {[%clk 1:30:56]} 2. Nf3 {[%clk 1:31:20]} g6
{[%clk 1:31:22]} 3. Nc3 {[%clk 1:31:45]} d5 {[%clk 1:30:30]} 4. Bf4
{[%clk 1:32:09]} c6 {[%clk 1:30:51]} 5. e3 {[%clk 1:32:24]} Bg7 {[%clk 1:30:59]}
6. Be2 {[%clk 1:32:47]} O-O {[%clk 1:31:23]} 7. Ne5 {[%clk 1:32:12]} Qb6
{[%clk 1:28:23]} 8. a3 {[%clk 1:24:44]} Bf5 {[%clk 1:28:11]} 9. g4
{[%clk 1:23:42]} Be6 {[%clk 1:27:38]} 10. Qd2 {[%clk 1:18:58]} Nbd7
{[%clk 1:23:01]} 11. f3 {[%clk 1:14:20]} Ne8 {[%clk 1:20:18]} 12. O-O-O
{[%clk 0:57:33]} Qa5 {[%clk 0:59:27]} 13. Kb1 {[%clk 0:53:29]} Nb6
{[%clk 0:57:17]} 14. Ne4 {[%clk 0:49:22]} Qxd2 {[%clk 0:57:26]} 15. Nxd2
{[%clk 0:49:50]} Nd6 {[%clk 0:51:10]} 16. Nb3 {[%clk 0:45:27]} Rae8
{[%clk 0:50:27]} 17. Nc5 {[%clk 0:28:11]} Bc8 {[%clk 0:50:48]} 18. e4
{[%clk 0:28:30]} f6 {[%clk 0:42:03]} 19. Ned3 {[%clk 0:28:54]} Nbc4
{[%clk 0:37:14]} 20. exd5 {[%clk 0:21:16]} cxd5 {[%clk 0:37:38]} 21. Nb4
{[%clk 0:21:37]} Nb6 {[%clk 0:37:36]} 22. Rhe1 {[%clk 0:20:56]} a5
{[%clk 0:37:15]} 23. Na2 {[%clk 0:20:29]} e5 {[%clk 0:34:00]} 24. Bg3
{[%clk 0:19:20]} Ndc4 {[%clk 0:33:28]} 25. Bf2 {[%clk 0:05:59]} Bh6
{[%clk 0:32:00]} 26. Nc3 {[%clk 0:01:19]} Bd2 {[%clk 0:31:46]} 27. Nxd5
{[%clk 0:01:02]} Bxe1 {[%clk 0:32:04]} 28. Bxe1 {[%clk 0:00:34]} exd4
{[%clk 0:32:31]} 29. Nxb6 {[%clk 0:00:36]} Nxb6 {[%clk 0:32:51]} 30. Bxa5
{[%clk 0:00:41]} Rxe2 {[%clk 0:29:13]} 31. Bxb6 Rf2 {[%clk 0:29:38]} 32. Rd3
{[%clk 0:00:49]} f5 {[%clk 0:30:07]} 33. g5 {[%clk 0:01:10]} Re8 {[%clk 0:30:33]}
34. Rxd4 {[%clk 0:01:25]} Rxf3 {[%clk 0:30:34]} 35. Nd3 {[%clk 0:01:40]} Rh3
{[%clk 0:30:11]} 36. Bc7 {[%clk 0:02:03]} h6 {[%clk 0:29:22]} 37. gxh6
{[%clk 0:00:59]} g5 {[%clk 0:29:49]} 38. Bd8 {[%clk 0:00:39]} g4 {[%clk 0:28:51]}
39. Bc7 {[%clk 0:01:04]} Rxh6 {[%clk 0:29:01]} 40. a4 {[%clk 0:00:34]} Rhe6
{[%clk 0:27:29]} 41. b3 {[%clk 0:00:31]} Re4 {[%clk 0:27:45]} 42. Rd5
{[%clk 0:00:50]} Kg7 {[%clk 0:27:19]} 43. Bg3 {[%clk 0:00:48]} Re3
{[%clk 0:18:24]} 44. Nf4 {[%clk 0:00:46]} Rf3 {[%clk 0:18:02]} 45. Rd6
{[%clk 0:00:43]} Re4 {[%clk 0:17:42]} 46. Nh5+ {[%clk 0:00:33]} Kf7
{[%clk 0:18:10]} 47. Kb2 {[%clk 0:00:32]} Ke7 {[%clk 0:10:28]} 48. Rf6
{[%clk 0:00:32]} Re6 {[%clk 0:10:30]} 49. Rxe6+ {[%clk 0:00:41]} Bxe6
{[%clk 0:10:37]} 50. Ka3 {[%clk 0:00:39]} Bf7 {[%clk 0:10:48]} 51. Nf4
{[%clk 0:01:07]} Kf6 {[%clk 0:11:12]} 52. Nd3 {[%clk 0:00:36]} Rf1
{[%clk 0:10:59]} 53. Kb4 {[%clk 0:00:44]} Kg5 {[%clk 0:10:20]} 54. Kc5
{[%clk 0:01:00]} f4 {[%clk 0:09:17]} 55. Nxf4 {[%clk 0:01:27]} Rxf4
{[%clk 0:09:43]} 56. Bxf4+ {[%clk 0:01:52]} Kxf4 {[%clk 0:10:12]} 57. b4
{[%clk 0:01:56]} Bg6 {[%clk 0:09:41]} 58. c4 {[%clk 0:02:09]} Ke5 59. Kd4+ 0-1

[Event "2017"]
[Site "Bastia"]
[Date "2017.10.21"]
[Round "4.1"]
[White "Huschenbeth, Niclas"]
[Black "Onischuk, Vladimir"]
[Result "1-0"]
[BlackElo "2623"]
[WhiteElo "2596"]
[LiveChessVersion "1.4.6"]

1. e4 {[%clk 1:30:57]} c6 {[%clk 1:30:36]} 2. d4 {[%clk 1:31:23]} d5
{[%clk 1:31:02]} 3. e5 {[%clk 1:31:49]} Bf5 {[%clk 1:31:27]} 4. Nf3
{[%clk 1:32:15]} e6 {[%clk 1:31:50]} 5. Be2 {[%clk 1:32:40]} c5 {[%clk 1:31:54]}
6. Be3 {[%clk 1:32:58]} Qb6 {[%clk 1:31:43]} 7. Nc3 {[%clk 1:32:58]} Qxb2
{[%clk 1:32:01]} 8. Qb1 {[%clk 1:32:17]} Qb4 {[%clk 1:32:21]} 9. a3
{[%clk 1:32:03]} Qa5 {[%clk 1:32:47]} 10. dxc5 {[%clk 1:31:36]} a6
{[%clk 1:31:56]} 11. O-O {[%clk 1:31:34]} Qc7 {[%clk 1:31:44]} 12. Nd4
{[%clk 1:31:50]} Bg6 {[%clk 1:28:14]} 13. Qb4 {[%clk 1:32:09]} Nd7
{[%clk 1:17:33]} 14. Na4 {[%clk 1:31:42]} Ne7 {[%clk 1:07:45]} 15. Nb6
{[%clk 1:30:16]} Nxb6 {[%clk 1:02:18]} 16. cxb6 {[%clk 1:30:42]} Qd7
{[%clk 1:01:56]} 17. Qb2 {[%clk 1:30:27]} Rc8 {[%clk 0:33:40]} 18. Rfd1
{[%clk 1:29:36]} Qa4 {[%clk 0:23:08]} 19. Qb4 {[%clk 0:57:13]} Qd7
{[%clk 0:22:33]} 20. Qd2 {[%clk 0:36:30]} h6 {[%clk 0:16:38]} 21. a4
{[%clk 0:33:40]} Be4 {[%clk 0:16:19]} 22. Rac1 {[%clk 0:22:24]} g5
{[%clk 0:13:48]} 23. f3 {[%clk 0:21:00]} Bg6 {[%clk 0:14:07]} 24. c4
{[%clk 0:19:49]} Bg7 {[%clk 0:14:03]} 25. f4 {[%clk 0:19:50]} Be4
{[%clk 0:07:16]} 26. Nf3 {[%clk 0:10:21]} gxf4 {[%clk 0:05:31]} 27. Bxf4
{[%clk 0:10:47]} Qxa4 {[%clk 0:05:51]} 28. cxd5 {[%clk 0:09:57]} Bxd5
{[%clk 0:05:55]} 29. Rxc8+ {[%clk 0:06:03]} Nxc8 {[%clk 0:06:20]} 30. Rc1
{[%clk 0:06:11]} Nxb6 {[%clk 0:05:16]} 31. Be3 {[%clk 0:05:30]} Na8
{[%clk 0:04:23]} 32. Bc5 {[%clk 0:04:22]} Rg8 {[%clk 0:03:09]} 33. Bd6
{[%clk 0:04:36]} Kd7 {[%clk 0:02:54]} 34. Qc3 {[%clk 0:03:10]} Qc6
{[%clk 0:02:14]} 35. Qe3 {[%clk 0:03:28]} Qb6 {[%clk 0:01:33]} 36. Rc7+
{[%clk 0:02:46]} Kd8 {[%clk 0:01:54]} 37. Qxb6 {[%clk 0:01:21]} Nxb6
{[%clk 0:02:18]} 38. Rxf7 {[%clk 0:01:49]} Nd7 {[%clk 0:02:29]} 39. g3
{[%clk 0:01:01]} Ke8 {[%clk 0:01:24]} 40. Re7+ {[%clk 0:01:30]} Kd8
{[%clk 0:01:48]} 41. Nd4 {[%clk 0:01:02]} Bxe5 {[%clk 0:01:12]} 42. Rxd7+
{[%clk 0:01:25]} Kxd7 {[%clk 0:01:39]} 43. Bxe5 {[%clk 0:01:51]} b5
{[%clk 0:01:56]} 44. Kf2 {[%clk 0:01:40]} Ra8 {[%clk 0:02:04]} 45. Nc2
{[%clk 0:00:53]} Rc8 {[%clk 0:00:47]} 46. Nd4 {[%clk 0:01:20]} Bc4
{[%clk 0:00:55]} 47. Bxc4 {[%clk 0:01:04]} Rxc4 {[%clk 0:01:20]} 48. g4
{[%clk 0:00:48]} Rc5 {[%clk 0:01:02]} 49. Nf3 {[%clk 0:00:40]} b4
{[%clk 0:01:17]} 50. Ke3 {[%clk 0:00:46]} a5 {[%clk 0:01:09]} 51. h4
{[%clk 0:00:43]} a4 {[%clk 0:00:59]} 52. h5 {[%clk 0:00:54]} a3 {[%clk 0:00:43]}
53. g5 {[%clk 0:00:54]} hxg5 {[%clk 0:00:33]} 54. h6 {[%clk 0:01:22]} b3
{[%clk 0:00:41]} 55. h7 {[%clk 0:01:43]} Rc8 {[%clk 0:00:38]} 56. Nd2
{[%clk 0:01:40]} b2 {[%clk 0:01:00]} 57. h8=Q {[%clk 0:00:37]} Rxh8
{[%clk 0:01:27]} 58. Bxh8 {[%clk 0:01:05]} Kc6 {[%clk 0:01:49]} 59. Ke4
{[%clk 0:00:36]} Kc5 {[%clk 0:01:14]} 60. Bc3 {[%clk 0:00:58]} Kc6
{[%clk 0:01:01]} 61. Kf3 {[%clk 0:01:02]} Kd5 {[%clk 0:00:44]} 62. Kg4
{[%clk 0:01:21]} b1=Q {[%clk 0:00:50]} 63. Nxb1 {[%clk 0:01:50]} Kc4
{[%clk 0:01:12]} 64. Bf6 {[%clk 0:00:54]} Kb3 {[%clk 0:00:32]} 65. Kxg5
{[%clk 0:00:54]} a2 {[%clk 0:00:49]} 66. Nd2+ {[%clk 0:01:21]} Kc2
{[%clk 0:01:16]} 67. Nc4 {[%clk 0:01:44]} Kd3 {[%clk 0:01:18]} 68. Na3
{[%clk 0:01:53]} Ke4 {[%clk 0:01:38]} 69. Ba1 {[%clk 0:02:13]} e5
{[%clk 0:01:43]} 70. Kg4 {[%clk 0:02:37]} Kd3 {[%clk 0:02:03]} 71. Bxe5
{[%clk 0:03:01]} a1=Q {[%clk 0:02:28]} 72. Bxa1 {[%clk 0:03:27]} Ke4
{[%clk 0:02:56]} 73. Bb2 {[%clk 0:03:32]} Ke3 {[%clk 0:03:17]} 74. Kf5
{[%clk 0:03:55]} Kf3 {[%clk 0:03:42]} 75. Nc4 {[%clk 0:04:08]} Kg3
{[%clk 0:04:07]} 76. Bc1 {[%clk 0:03:51]} Kf3 {[%clk 0:04:30]} 77. Bh6
{[%clk 0:04:05]} Kg3 {[%clk 0:04:53]} 78. Ne5 {[%clk 0:04:23]} Kg2
{[%clk 0:05:08]} 79. Ke4 {[%clk 0:03:58]} Kf2 {[%clk 0:05:33]} 80. Bf4
{[%clk 0:03:51]} Kg2 {[%clk 0:05:58]} 81. Ke3 {[%clk 0:03:44]} Kg1
{[%clk 0:06:19]} 82. Kf3 {[%clk 0:04:05]} Kh1 {[%clk 0:06:43]} 83. Nd3
{[%clk 0:04:32]} Kg1 {[%clk 0:07:08]} 84. Nf2 {[%clk 0:04:59]} Kf1
{[%clk 0:07:34]} 85. Bh2 {[%clk 0:05:24]} Ke1 {[%clk 0:07:57]} 86. Ne4
{[%clk 0:05:51]} Kd1 {[%clk 0:08:15]} 87. Ke3 {[%clk 0:06:16]} Kc2
{[%clk 0:08:42]} 88. Nd2 {[%clk 0:06:42]} Kc3 {[%clk 0:09:07]} 89. Bd6
{[%clk 0:07:10]} 1-0

[Event "2017"]
[Site "Bastia"]
[Date "2017.10.21"]
[Round "4.3"]
[White "Antipov, Mikhail Al."]
[Black "Dreev, Aleksey"]
[Result "1/2-1/2"]
[BlackElo "2652"]
[WhiteElo "2582"]
[LiveChessVersion "1.4.6"]

1. e4 {[%clk 1:30:59]} c6 {[%clk 1:30:53]} 2. d4 {[%clk 1:31:24]} d5
{[%clk 1:31:19]} 3. e5 {[%clk 1:31:49]} Bf5 {[%clk 1:31:43]} 4. g4
{[%clk 1:32:13]} Bd7 {[%clk 1:30:02]} 5. Nc3 {[%clk 1:32:29]} Qc8
{[%clk 1:27:00]} 6. h3 {[%clk 1:28:15]} e6 {[%clk 1:14:23]} 7. f4
{[%clk 1:15:07]} c5 {[%clk 1:10:03]} 8. Nf3 {[%clk 1:15:56]} Nc6 {[%clk 1:04:59]}
9. Be3 {[%clk 1:16:14]} cxd4 {[%clk 1:00:37]} 10. Nxd4 {[%clk 1:16:01]} Nxd4
{[%clk 0:55:45]} 11. Qxd4 {[%clk 1:10:03]} Ne7 {[%clk 0:49:23]} 12. O-O-O
{[%clk 1:05:16]} Nc6 {[%clk 0:49:11]} 13. Qd2 {[%clk 1:05:40]} Qd8
{[%clk 0:44:57]} 14. Kb1 {[%clk 0:40:08]} Bb4 {[%clk 0:35:41]} 15. Qd3
{[%clk 0:33:13]} O-O {[%clk 0:28:55]} 16. Ne2 {[%clk 0:28:54]} Rc8
{[%clk 0:23:48]} 17. c3 {[%clk 0:26:30]} Be7 {[%clk 0:22:10]} 18. g5
{[%clk 0:26:37]} b5 {[%clk 0:20:39]} 19. Ng3 {[%clk 0:23:53]} b4 {[%clk 0:17:33]}
20. c4 {[%clk 0:17:20]} b3 {[%clk 0:17:51]} 21. a3 {[%clk 0:17:47]} Qa5
{[%clk 0:16:43]} 22. Bd2 {[%clk 0:18:09]} dxc4 {[%clk 0:12:19]} 23. Bxa5
{[%clk 0:12:09]} cxd3 {[%clk 0:12:43]} 24. Bc3 {[%clk 0:12:35]} Nb8
{[%clk 0:10:17]} 25. Ne4 {[%clk 0:07:40]} Bc6 {[%clk 0:09:14]} 26. Bxd3
{[%clk 0:08:03]} Nd7 {[%clk 0:07:29]} 27. Rhe1 {[%clk 0:07:00]} Nb6
{[%clk 0:04:20]} 28. Nd6 {[%clk 0:05:16]} Rcd8 {[%clk 0:03:07]} 29. Ba5
{[%clk 0:05:00]} Bf3 {[%clk 0:02:34]} 30. Rd2 {[%clk 0:00:36]} Rb8
{[%clk 0:02:52]} 31. Bxb6 {[%clk 0:00:38]} Rxb6 {[%clk 0:02:46]} 32. Be4
{[%clk 0:01:05]} Bxd6 {[%clk 0:01:10]} 33. Rxd6 {[%clk 0:01:27]} Bxe4+
{[%clk 0:01:05]} 34. Rxe4 {[%clk 0:01:56]} Rxd6 {[%clk 0:01:18]} 35. exd6
{[%clk 0:02:25]} Rd8 {[%clk 0:01:34]} 36. Rd4 {[%clk 0:00:47]} f6
{[%clk 0:01:29]} 37. gxf6 {[%clk 0:01:08]} gxf6 {[%clk 0:01:57]} 38. Kc1
{[%clk 0:01:30]} Kf7 {[%clk 0:01:59]} 39. Rd3 {[%clk 0:00:55]} e5
{[%clk 0:00:40]} 40. fxe5 {[%clk 0:00:33]} fxe5 {[%clk 0:01:08]} 41. Rxb3
{[%clk 0:00:54]} Ke6 {[%clk 0:01:14]} 42. Kd2 {[%clk 0:00:33]} Rxd6+
{[%clk 0:01:29]} 43. Ke3 {[%clk 0:00:59]} Rd7 {[%clk 0:00:56]} 44. Rb8
{[%clk 0:01:19]} Kd5 {[%clk 0:00:40]} 45. Rb5+ {[%clk 0:01:37]} Kc4
{[%clk 0:00:43]} 46. Rxe5 {[%clk 0:01:13]} Rd3+ {[%clk 0:00:55]} 47. Ke4
{[%clk 0:01:35]} Rxh3 {[%clk 0:01:09]} 48. Ra5 {[%clk 0:02:01]} Rh4+
{[%clk 0:01:06]} 49. Kf3 {[%clk 0:02:26]} Rh3+ {[%clk 0:01:07]} 50. Kg4
{[%clk 0:02:32]} Rb3 {[%clk 0:01:21]} 51. Rxa7 {[%clk 0:02:59]} Rxb2
{[%clk 0:01:43]} 52. Rxh7 {[%clk 0:03:24]} Ra2 {[%clk 0:01:58]} 53. Ra7
{[%clk 0:03:51]} Kb3 {[%clk 0:02:24]} 54. Kf5 {[%clk 0:04:16]} Rxa3
{[%clk 0:02:50]} 55. Rxa3+ {[%clk 0:04:42]} Kxa3 {[%clk 0:03:17]} 56. Ke4 1/2-1/2

[Event "2017"]
[Site "Bastia"]
[Date "2017.10.21"]
[Round "4.4"]
[White "Zubov, Alexander"]
[Black "Moussard, Jules"]
[Result "1/2-1/2"]
[BlackElo "2567"]
[WhiteElo "2623"]
[LiveChessVersion "1.4.6"]

1. d4 {[%clk 1:29:46]} Nf6 {[%clk 1:30:56]} 2. c4 {[%clk 1:29:47]} e6
{[%clk 1:31:12]} 3. Nf3 {[%clk 1:29:09]} d5 {[%clk 1:31:18]} 4. Nc3
{[%clk 1:29:27]} Be7 {[%clk 1:31:38]} 5. Bg5 {[%clk 1:29:19]} h6 {[%clk 1:30:46]}
6. Bh4 {[%clk 1:29:43]} O-O {[%clk 1:30:43]} 7. e3 {[%clk 1:29:34]} Nbd7
{[%clk 1:30:06]} 8. Rc1 {[%clk 1:26:55]} c5 {[%clk 1:24:54]} 9. dxc5
{[%clk 1:25:55]} dxc4 {[%clk 1:21:53]} 10. c6 {[%clk 1:23:48]} bxc6
{[%clk 1:19:45]} 11. Bxc4 {[%clk 1:23:39]} Bb7 {[%clk 1:16:12]} 12. Qe2
{[%clk 1:20:44]} Qa5 {[%clk 1:10:49]} 13. O-O {[%clk 1:19:37]} Rfd8
{[%clk 1:01:00]} 14. Rfd1 {[%clk 1:14:16]} Nf8 {[%clk 0:54:19]} 15. Bd3
{[%clk 1:02:35]} Rd7 {[%clk 0:40:05]} 16. Nd2 {[%clk 1:00:49]} Rad8
{[%clk 0:30:08]} 17. Nc4 {[%clk 0:57:27]} Qc5 {[%clk 0:29:46]} 18. b3
{[%clk 0:47:51]} Ba6 {[%clk 0:28:25]} 19. h3 {[%clk 0:29:34]} Bxc4
{[%clk 0:25:05]} 20. Bxc4 {[%clk 0:29:48]} Rxd1+ {[%clk 0:24:50]} 21. Rxd1
{[%clk 0:28:54]} Rxd1+ {[%clk 0:24:49]} 22. Qxd1 {[%clk 0:28:27]} N8d7
{[%clk 0:23:53]} 23. Qc2 {[%clk 0:24:10]} Bd6 {[%clk 0:21:47]} 24. Bxf6
{[%clk 0:24:08]} Nxf6 {[%clk 0:22:11]} 25. Ne4 {[%clk 0:24:22]} Nxe4
{[%clk 0:21:10]} 26. Qxe4 {[%clk 0:24:49]} g6 {[%clk 0:21:14]} 27. g3
{[%clk 0:25:05]} Kg7 {[%clk 0:21:36]} 28. h4 {[%clk 0:25:06]} h5 {[%clk 0:21:46]}
29. Kg2 {[%clk 0:25:28]} Be7 {[%clk 0:21:57]} 30. a4 {[%clk 0:25:21]} a5
{[%clk 0:22:12]} 31. Kg1 {[%clk 0:25:14]} Qd6 {[%clk 0:22:05]} 32. Qd3
{[%clk 0:25:23]} Qxd3 {[%clk 0:22:19]} 33. Bxd3 {[%clk 0:25:51]} f5
{[%clk 0:22:27]} 34. f4 {[%clk 0:25:55]} Kf6 {[%clk 0:22:48]} 35. Kf2
{[%clk 0:25:40]} Kg7 {[%clk 0:23:01]} 36. Kg1 {[%clk 0:26:07]} Kf6
{[%clk 0:23:27]} 37. Kf2 {[%clk 0:26:28]} Ke5 1/2-1/2